|
|
|
|
| LEADER |
00000nam0a2200000 4500 |
| 001 |
43296 |
| 005 |
20231031020033.0 |
| 010 |
|
|
|a 5060043290
|
| 035 |
|
|
|a (RuTPU)RU\TPU\book\44774
|
| 090 |
|
|
|a 43296
|
| 100 |
|
|
|a 20021007d2002 m y0rusy50 ca
|
| 101 |
0 |
|
|a rus
|
| 102 |
|
|
|a RU
|
| 105 |
|
|
|a a j 001zy
|
| 200 |
1 |
|
|a Краткий курс теоретической механики
|e учебник
|f С. М. Тарг
|
| 205 |
|
|
|a 12-е изд., стер.
|
| 210 |
|
|
|a Москва
|c Высшая школа
|d 2002
|
| 215 |
|
|
|a 416 с.
|c ил.
|
| 320 |
|
|
|a Предм. указ.: с. 409-411.
|
| 451 |
|
1 |
|0 (RuTPU)RU\TPU\book\72141
|y 5-06-004329-0
|t Краткий курс теоретической механики
|o учебник для вузов
|f С. М. Тарг
|e 13 изд., стер.
|c М.
|n Высшая школа
|d 2003
|p 416 с.
|a Тарг, Семен Михайлович
|
| 451 |
|
1 |
|0 (RuTPU)RU\TPU\book\38610
|y 5-06-003523-9
|t Краткий курс теоретической механики
|o учебник для втузов
|f С. М. Тарг
|e 12-е изд., стер.
|c М.
|n Высшая школа
|d 2001
|p 416 с.
|a Тарг, Семен Михайлович
|
| 610 |
1 |
|
|a механика
|
| 610 |
1 |
|
|a теоретическая механика
|
| 610 |
1 |
|
|a твердые тела
|
| 610 |
1 |
|
|a статика
|
| 610 |
1 |
|
|a точки
|
| 610 |
1 |
|
|a кинетика
|
| 610 |
1 |
|
|a динамика
|
| 610 |
1 |
|
|a движение
|
| 610 |
1 |
|
|a удар
|
| 610 |
1 |
|
|a устойчивое развитие
|
| 610 |
1 |
|
|a колебания
|
| 610 |
1 |
|
|a учебники
|
| 675 |
|
|
|a 531(075.8)
|v 3
|
| 700 |
|
1 |
|a Тарг
|b С. М.
|g Семен Михайлович
|
| 801 |
|
1 |
|a RU
|b 63413507
|c 20021007
|g PSBO
|
| 801 |
|
2 |
|a RU
|b 63413507
|c 20200914
|g PSBO
|
| 900 |
|
|
|a Теоретическая механика
|
| 942 |
|
|
|c BK
|
| 952 |
|
|
|a 550000
|